000 00256nam a22000857a 4500
008 211223b ||||| |||| 00| 0 eng d
100 _aRobson Lowe Ltd
245 _aThe Kings of Egypt and their Stamps
650 _aEgypt|Kings of Egypt|Stamps of Egypt Kings|Essays
999 _c3253
_d3253